Gato fedorento esmiúça os sufrágios (Record no. 43982)

MARC details
000 -Etiqueta do registo
Valores 00467nam a2200169 4500
100 ## - Dados gerais de processamento
Dados gerais 20241129 pory50
101 ## - Língua de publicação
Língua por
102 ## - País de publicação
País PT
200 ## - Titulo e menção de responsabilidade
Título próprio Gato fedorento esmiúça os sufrágios
Primeira menção de responsabilidade Gato fedorento
Outras menções de responsabilidade Tiago Dores , Miguel Góis , Ricardo Araújo Pereira , Zé Diogo Quintela
210 ## - Publicação
Local de publicação [S.l.]
Nome do editor SIC
Data de publicação [cop. 2009]
215 ## - Descrição física 
Paginação / Volumes 3 DVD
300 ## - Notas gerais 
Texto da nota 12h42m<br/>M/6
675 ## - CDU
Notação 82-22
801 ## - Fonte de origem
País PT
Regras de catalogação RPC
990 ## - Elementos KOHA
Tipo de documento Filme DVD
Holdings
Aquisição Empréstimo Código de barras Cota Permissão de empréstimo Tipo de documento Nota relativa ao exemplar
Biblioteca Escolar Doutor Hernâni Cidade Biblioteca Escolar Doutor Hernâni Cidade 80605 COMED GAT   Filme DVD 302 a 304 Comédia do grupo:»Gato fedorento»

Powered by Koha